Raavan: enemy of Aryavarta / (Record no. 181880)

MARC details
000 -LEADER
fixed length control field 00591nam a22001817a 4500
005 - DATE AND TIME OF LATEST TRANSACTION
control field 20211007154905.0
010 ## - LCCN (DPL NO)
LC control number EN230921
020 ## - INTERNATIONAL STANDARD BOOK NUMBER
International Standard Book Number 9789388754088
Terms of availability 399.00
037 ## - SOURCE OF ACQUISITION
Source of stock number/acquisition Westland Publications
100 ## - MAIN ENTRY--PERSONAL NAME
Personal name Amish
245 ## - TITLE STATEMENT
Title Raavan: enemy of Aryavarta /
Statement of responsibility, etc by Amish
260 ## - PUBLICATION, DISTRIBUTION, ETC. (IMPRINT)
Place of publication, distribution, etc Chennai
Name of publisher, distributor, etc Westland Publications
Date of publication, distribution, etc 2019
270 ## - ADDRESS
City Chennai
Address 1st Floor,A Block,East Wing,Plot No.40,SP Infocity,Dr MGR Salai,Perungudi,Kandanchavadi,
Postal code 600096
300 ## - PHYSICAL DESCRIPTION
Extent xxiii,374p.
Dimensions 20cm(pbk)
490 ## - SERIES STATEMENT
Series statement Ram Chandra Series
500 ## - GENERAL NOTE
General note Book 3 of the Ram Chandra Series
942 ## - ADDED ENTRY ELEMENTS (KOHA)
Source of classification or shelving scheme Dewey Decimal Classification
Item type English Books
Call number suffix AMI

No items available.


© Delhi Public Library
Hit Counter
free hit counter